ការដាំប៉េងប៉ោះ / (Record no. 1444)

MARC details
000 -LEADER
fixed length control field 01404nam a22002897a 4500
005 - DATE AND TIME OF LATEST TRANSACTION
control field 20251013151847.0
020 ## - INTERNATIONAL STANDARD BOOK NUMBER
International Standard Book Number 9789995054236
040 ## - CATALOGING SOURCE
Original cataloging agency FISKH
Language of cataloging eng
Transcribing agency FISKH
Modifying agency FISKH
082 ## - DEWEY DECIMAL CLASSIFICATION NUMBER
Classification number 635.642
100 ## - MAIN ENTRY--PERSONAL NAME
Personal name Chantha, Yaem
245 ## - TITLE STATEMENT
Title ការដាំប៉េងប៉ោះ /
250 ## - EDITION STATEMENT
Edition statement បោះពុម្ពលើកទី ៦ ឆ្នាំ ២០២១​
260 ## - PUBLICATION, DISTRIBUTION, ETC.
Place of publication, distribution, etc. Phnom Penh :
Name of publisher, distributor, etc. Sipar,
Date of publication, distribution, etc. 2021.
300 ## - PHYSICAL DESCRIPTION
Extent 40 pages :
Other physical details color illustrations ;
Dimensions 28 cm
490 ## - SERIES STATEMENT
Series statement បំណិនជីវិត
505 ## - FORMATTED CONTENTS NOTE
Formatted contents note Z' <br/>
520 ## - SUMMARY, ETC.
Summary, etc. បង្ហាញពីរបៀបរៀបចំដី ការដាំ ការថែទាំដើមប៉េងប៉ោះ ការរក្សាទុកគ្រាប់ពូជ និងមានវិធី ធ្វើម្ហូបសាមញ្ញៗ សម្រាប់បរិភោគ ក្នុងគ្រួសារ។
520 ## - SUMMARY, ETC.
Summary, etc. Demonstrate how to prepare the soil, plant, take care for tomato plants, store seeds and have simple cooking methods for family consumption.
521 ## - TARGET AUDIENCE NOTE
Target audience note 1120 <br/><br/>
Source Lexile estimate <br/>
521 ## - TARGET AUDIENCE NOTE
Target audience note Z' <br/>
Source Raz-Plus <br/>
650 ## - SUBJECT ADDED ENTRY--TOPICAL TERM
Topical term or geographic name entry element ប៉េងប៉ោះ
Form subdivision ថែទាំ
General subdivision ចំអិន
650 ## - SUBJECT ADDED ENTRY--TOPICAL TERM
Topical term or geographic name entry element Tomato
Form subdivision Take care
General subdivision Cook
700 ## - ADDED ENTRY--PERSONAL NAME
Personal name Sophal, Bot
Titles and other words associated with a name Author
700 ## - ADDED ENTRY--PERSONAL NAME
Personal name Sophaleap, Nhoek
Titles and other words associated with a name illustrator
942 ## - ADDED ENTRY ELEMENTS (KOHA)
Source of classification or shelving scheme Dewey Decimal Classification
Koha item type Books
Suppress in OPAC No
999 ## -
-- 1444
-- 1444
Holdings
Withdrawn status Lost status Source of classification or shelving scheme Damaged status Not for loan Collection Home library Current library Shelving location Date acquired Total Checkouts Full call number Barcode Date last seen Copy number Price effective from Koha item type
    Dewey Decimal Classification     Khmer Language Books / សៀវភៅភាសាខ្មែរ Footprints International School Library Network Toul Kork Campus Footprints International School Library Network Toul Kork Campus   08/25/2023   CHA 635.642 2023-0362 08/25/2023 1 08/25/2023 Books
    Dewey Decimal Classification     Khmer Language Books / សៀវភៅភាសាខ្មែរ Footprints International School Library Network Toul Tom Poung Campus Footprints International School Library Network Toul Tom Poung Campus TTP Secondary Khmer Bookshelves 08/25/2023   CHA 635.642 2023-0363 08/25/2023 2 08/25/2023 Books